Statistiken für Früchte, Obst, Gemüse was in Deutschland wächst

Klicken Sie hier um das Quiz zu spielen!

Allgemein

  • Dieses Quiz wurde 224 mal gespielt
  • Das Durchschnittsergebnis liegt bei 10 aus 16

Antwortstatistiken

Antwort% Korrekt
Himbeere
99%
Pflaume/Zwetschge
97%
Heidelbeere/Blaubeere
90%
Johannisbeere
88%
Kohlrabi
83%
Aprikose
73%
Gartenbohne
69%
Blattspinat
68%
Rote Bete
62%
Stachelbeere
57%
Sellerie
48%
Wirsing
48%
Holunder
36%
Mirabelle
32%
Pastinake
31%
Pak Choi
27%

Verteilung der Resultate

Perzentil nach korrekt beantworteten Fragen

Anzahl Personen mit jedem Resultat

Ihre Resultats-Entwicklung

Sie haben dieses Quiz noch nicht gespielt